MDQL
is popping MORE tags! Check the
thread
!
Quizzes
Events
Quiz Creation
Community
Videos
Private Events
Remove Ads
Sign In
Join for FREE
Feedback
Dark Mode
Quiz Categories
Sports
Geography
Music
Movies
Television
Just For Fun
Miscellaneous
History
Literature
Language
Science
Gaming
Entertainment
Religion
Holiday
For Kids
Quiz Lab
Recent
Popular Today
Quiz Kudos Today
Editor Picks
Curator Picks
Quizzes by...
Day
Popularity
Type
Ratings
Length
Year
Community
Subscriptions
Recent Discussions
Orange Saloon
Badges
Playlists
Quests
Create
Leaderboards
Showdown
Live 5
Trivia Bingo
Activity
Puzzle Library
Sporcle Events
Private Events
Virtual Trivia
Globe League
Become a Host
Pub Owners
SporcleCon
Opinionation
Our Games
Videos
Blog
Mobile Apps
Partnerships
Remove Ads and Go Orange
Feedback
Geography
Country
Landmarks
City
State
Population
World
Capital
Continent
Flags
Europe
Africa
Asia
South America
North America
Oceania
Border
Canada
United Kingdom
Topography
United States
Geography
Country
Landmarks
City
State
Population
World
Capital
Continent
Flags
Europe
Africa
Asia
South America
North America
Oceania
Border
Canada
United Kingdom
Topography
United States
Random Quiz
Search Sporcle
×
Quiz Lab
Quiz Lab
Geography
City
Type in answers that appear in a list
Type in answers that appear in a list
Classic
Best Score? Go Orange.
What Comes Next? : Cities Stats
Can you name the Cities each clue refers to followed by the city which logically finishes the sequence?
By
echelon66
7m
16 Questions
1,291 Plays
1,291 Plays
1,291 Plays
Comments
Comments
Give Quiz Kudos
Give Quiz Kudos
-
- Ratings
hide this ad
More Info
Forced Order
Answers have to be entered in order
Answers have to be entered in order
Replay
Link that replays current quiz
Next Quiz
Link to next quiz in quiz playlist
You Got
0%
They Got
Avg Score
64%
Avg Friend Score
Upgrade to see
Score Distribution
Jump to the score distribution portion of the page
Score
0/16
Timer
07:00
0
Plays Today
Clue
City
% Correct
The largest city in the province of Quebec.
Montreal
85.3%
Contains the 'Forbidden City' at it's heart.
Beijing
80.6%
Home of FC Bayern, the country's most successful Football team.
Munich
79.8%
The birthplace of Democracy.
Athens
78.9%
City in which the Tiber and Aniene rivers meet.
Rome
78.4%
The most northern city on Earth with population above 5,000,000.
Moscow
74.6%
Has the most international visitors of any city in the world.
London
73.6%
Famous for the Gaudi Cathedral.
Barcelona
72.9%
Clue
City
% Correct
Contains the headquarters of LG and Samsung.
Seoul
71.6%
City whose airport has been the busiest in the world since 1998.
Atlanta
66.1%
City that has been awarded the most Michelin Stars in the entire world.
Tokyo
53.2%
Often billed as the 'Creative Capital of the World'.
Los Angeles
52.1%
Home to the Chinese Garden of Friendship, designed by its Chinese sister city.
Sydney
45.2%
Link between listed cities.
OLYMPIC SUMMER HOST CITIES
44%
NEXT IN THE SEQUENCE:
Rio de Janeiro
42.1%
Nicknamed 'The City of the Palaces'.
Mexico City
37.6%
Quiz Playlist
Details
Report
Send in Message
Add To Playlist
More Info:
By answering the clues, try and figure out the link between the cities and the city which logically comes next.
Classic:
Type in answers that appear in a list
Forced Order:
Answers have to be entered in order
Last Updated: Feb 16, 2017
Quiz Scoreboard
CHALLENGE
Sign Up to Join the Scoreboard
Show All
Scores
Hide
Comments
May contain spoilers
Recently Published
1-10 Letter E Words III
by El_Dandy
Language
2m
Street Fighter Characters
by Artimus82
Gaming
60s
College Basketball Coaching Resumes
by pancakes188
Sports
9m
More to Explore
Quiz From the Vault
Featured Blog Post
Where Did the Easter Bunny Come From?
hide this ad
You Might Also Like...
Tags
City Quiz
link
Next
Order
Sequence
Today's Top Quizzes in Geography
Browse Geography
hide this ad
Today's Top Quizzes in City
Browse City
Top Contributed Quizzes in Geography
1
Countries of the World - No Outlines Minefield
2
Top 25 Cities of France on a map
3
Any capital of a 'B' country per Continent
4
Any capital of a 'C' country per Continent
5
Closest Countries to UK A-Z
6
Any capital of a 'D' country per Continent
7
5-to-1: US Geography No Hints
8
Any capital of an 'E' country per Continent
9
Find the US States - No Outlines
10
Any capital of an 'F' country per Continent
Explore More
Trending Topics
Marvel
Disney
Crossword
NBA
Kpop
Harry Potter
Anime
WWE
Puzzle
Soccer
Song
Country
NFL
Pokémon
The Office
hide this ad
More By:
echelon66
Quiz
Plays
Rating
Category
Featured
Created
An Extra Special Relationship
24,441
4.14
History
May 7, 2011
A Not So Special Relationship
3,216
4.48
History
Jun 21, 2011
What Comes Next? : Cities
1,291
3.76
Geography
Apr 25, 2011
'30 Seconds To Mars' songs
1,258
5.00
Music
Apr 1, 2010
Political Celebrities UK
701
4.50
Entertainment
Jan 9, 2011
Go to Creator's Profile
Score Distribution
Quiz Creator Spotlight
echelon66
Follow
Send a Message
Quizzes Created
-
Created Quiz Play Count
-
More By This Creator
Popular Quizzes Today
1
Find the US States - No Outlines Minefield
2
Find the Countries of Europe - No Outlines Minefield
3
The Countries of the World
4
Find the US States
5
Risky Map Clicking: Biggest States A-Z
6
US States
7
Popular People in 1961
8
Movies - When Are They Set?
More Geography Quizzes
Original EU
Published
Trending Quizzes
Risky Map Clicking: Least Populous States A-Z
Billboard Blitz: Aretha Franklin
Famous Russians: Author or Composer?
1-10 Letter G Words
Countries of the World: 200 Million BC
Recently Updated
Leaping Animals
pecheneg
Reality TV Shows (A-Z)
bhenderson79
Rickey Henderson's Hall of Fame Teammates
pecheneg
Champions League XIs: Arsenal
pecheneg
Quick Pick: Celebrities in WWE's Hall of Fame
aduchscher
A-Z Keypad Blitz II
pecheneg
Multiple Oscar Actors
pecheneg
Mystery Phrase Blitz: Oscar 'Best Actors'
pecheneg
F. Scott Fitzgerald Novels
LTH
Pick 3 Villains
ddd62291
Trending Topics
Harry Potter
Kpop
Marvel
Crossword
NBA
Anime
Disney
Puzzle
Pokémon
The Office
WWE
NFL
Soccer
Country
Song
Your Account Isn't Verified!
In order to create a playlist on Sporcle, you need to verify the email address you used during registration. Go to your
Sporcle Settings
to finish the process.
Report this User
Report this user for behavior that violates our
Community Guidelines
.
Details:
Send Report
Go to the Sporcle.com Mobile Site →
Comments